| 000 -LEADER |
| fixed length control field |
00845nam a22002297a 4500 |
| 005 - DATE AND TIME OF LATEST TRANSACTION |
| control field |
20260130122010.0 |
| 008 - FIXED-LENGTH DATA ELEMENTS--GENERAL INFORMATION |
| fixed length control field |
260130b ||||| |||| 00| 0 eng d |
| 020 ## - INTERNATIONAL STANDARD BOOK NUMBER |
| International Standard Book Number |
9780091955854 |
| 040 ## - CATALOGING SOURCE |
| Transcribing agency |
KH8 |
| 082 ## - DEWEY DECIMAL CLASSIFICATION NUMBER |
| Classification number |
369.43 |
| 100 ## - MAIN ENTRY--PERSONAL NAME |
| Personal name |
Karmel,Annabel |
| Relator term |
Author |
| 245 ## - TITLE STATEMENT |
| Title |
Kids in the Kitchen |
| 260 ## - PUBLICATION, DISTRIBUTION, ETC. |
| Place of publication, distribution, etc. |
80 Strand London, WC2R 0RL United Kingdom |
| Name of publisher, distributor, etc. |
Dorling Kindersley Ltd (DK) |
| Date of publication, distribution, etc. |
2013 |
| 300 ## - PHYSICAL DESCRIPTION |
| Extent |
95 pages |
| Other physical details |
colour illustration |
| Dimensions |
14cm x 14cm |
| 520 ## - SUMMARY, ETC. |
| Summary, etc. |
Many small children love cooking and baking. There's nothing more rewarding than mixing up a few ingredients, popping them in the oven, then peering through the door as they transform into a mouth watering cake!-Publisher- |
| 650 ## - SUBJECT ADDED ENTRY--TOPICAL TERM |
| Topical term or geographic name entry element |
Juvenile Non Fiction |
| Form subdivision |
Cooking |
| 655 ## - INDEX TERM--GENRE/FORM |
| Genre/form data or focus term |
Food science |
| 655 ## - INDEX TERM--GENRE/FORM |
| Genre/form data or focus term |
Food |
| 655 ## - INDEX TERM--GENRE/FORM |
| Genre/form data or focus term |
Deserts |
| 655 ## - INDEX TERM--GENRE/FORM |
| Genre/form data or focus term |
Festive |
| 942 ## - ADDED ENTRY ELEMENTS (KOHA) |
| Source of classification or shelving scheme |
|
| Koha item type |
Books - Non Ficton |